|
|
|
|
| LEADER |
01676nam a2200493 a 4500 |
| 001 |
nkc20091991148 |
| 003 |
CZ PrNK |
| 005 |
20100614152527.0 |
| 007 |
ta |
| 008 |
090901s2009 xr a g 000 1 cze |
| 015 |
|
|
|a cnb001991148
|
| 020 |
|
|
|a 978-80-87083-57-4
|q (brož.) :
|c Kč 459,00
|
| 035 |
|
|
|a (OCoLC)455851038
|
| 040 |
|
|
|a ABA001
|b cze
|
| 041 |
1 |
|
|a cze
|h eng
|
| 072 |
|
7 |
|a 821-31/-34
|x Milostná, dobrodružná, fantastická próza
|2 Konspekt
|9 25
|
| 080 |
|
|
|a 821-312.5
|2 MRF
|
| 080 |
|
|
|a (0:82-321.9)
|2 MRF
|
| 080 |
|
|
|a (0:82-322.9)
|2 MRF
|
| 080 |
|
|
|a (084.1)
|2 MRF
|
| 100 |
1 |
|
|a Straczynski, J. Michael,
|d 1954-
|7 mzk2005282313
|4 aut
|
| 245 |
1 |
0 |
|a Vycházející hvězdy.
|n [2],
|p Síla /
|c J. Michael Straczynski ; [kresba Ken Lashley ... et al.]
|
| 246 |
3 |
0 |
|a Síla
|
| 246 |
1 |
8 |
|a Vycházející hvězdy - Síla
|
| 260 |
|
|
|a Praha :
|b Crew,
|c c2009
|
| 300 |
|
|
|a [144] s. :
|b barev. il. ;
|c 26 cm
|
| 490 |
1 |
|
|a Comics na kvadrát
|
| 500 |
|
|
|a Přeloženo z angličtiny
|
| 500 |
|
|
|a Název z obálky
|
| 500 |
|
|
|a Označení sv. na hřbetu
|
| 655 |
|
7 |
|a vědecko-fantastické příběhy
|7 fd133358
|2 czenas
|
| 655 |
|
7 |
|a fantasy příběhy
|7 fd184198
|2 czenas
|
| 655 |
|
7 |
|a komiksy
|7 fd131978
|2 czenas
|
| 655 |
|
9 |
|a science fiction stories
|2 eczenas
|
| 655 |
|
9 |
|a fantasy stories
|2 eczenas
|
| 655 |
|
9 |
|a comics
|2 eczenas
|
| 700 |
1 |
|
|a Lashley, Ken
|7 jx20080430016
|4 ill
|
| 765 |
0 |
|
|t Rising stars: Power
|9 Česky
|
| 830 |
|
0 |
|a Comics na kvadrát
|0 s
|
| 910 |
2 |
|
|a BOA001
|b 3-1228.692,2
|
| 990 |
|
|
|a BK
|
| 995 |
|
|
|a 01
|
| 991 |
|
|
|b 200909
|
| 996 |
6 |
|
|b 2610387430
|c 3-1228.692,2
|l MZK
|r Sklad / do 1 hodiny
|n 0
|p p.v.
|w 000962838
|u 000010
|a 1
|e BOA001
|j MZK50
|s P
|